000 002470000a22000970004500
100 1 _aReed, Lawrence W.
245 1 0 _aFEE : A lighthouse for freedom
300 _aVol. 46, Num. 5 (Mayo, 1996), Páginas 346-347
773 0 _tThe Freeman
942 _cANA
999 _c56327
_d56327